Vplyv daňových opatrení na vývoj vybraných makroekonomických veličín v SR a vo vybraných štátoch diplomová práca

Salvato in:
Dettagli Bibliografici
Autore principale: Šimonová, Kristína
Ente Autore: Národohospodárska fakulta EU. Katedra financií
Altri autori: Schultzová, Anna
Natura: Libro
Lingua:slovacco
Pubblicazione: Bratislava 2021
Tags: Aggiungi Tag
Nessun Tag, puoi essere il primo ad aggiungerne!!

MARC

LEADER 00000nbm a2200000 4500
001 0274240
005 20220104092403.8
041 0 |a slo 
044 |a SK 
245 1 0 |a Vplyv daňových opatrení na vývoj vybraných makroekonomických veličín v SR a vo vybraných štátoch  |b diplomová práca  |c Kristína Šimonová ; školiteľ: Anna Schultzová 
264 1 |a Bratislava  |c 2021 
300 |a 72 s. 
100 1 |a Šimonová, Kristína 
700 1 |a Schultzová, Anna 
710 2 |a Národohospodárska fakulta EU. Katedra financií